Industrial relations : emerging paradigms (Record no. 181278)

MARC details
000 -LEADER
fixed length control field 00439nam a2200169Ia 4500
005 - DATE AND TIME OF LATEST TRANSACTION
control field 20250225143743.0
008 - FIXED-LENGTH DATA ELEMENTS--GENERAL INFORMATION
fixed length control field 231217s9999 xx 000 0 und d
020 ## - INTERNATIONAL STANDARD BOOK NUMBER
International Standard Book Number 9788174466198
082 ## - DEWEY DECIMAL CLASSIFICATION NUMBER
Classification number 658.3153 SIN1;1 R
100 ## - MAIN ENTRY--PERSONAL NAME
Personal name Singh, B D.
245 #0 - TITLE STATEMENT
Title Industrial relations : emerging paradigms
250 ## - EDITION STATEMENT
Edition statement 2nd ed.
260 ## - PUBLICATION, DISTRIBUTION, ETC. (IMPRINT)
Date of publication, distribution, etc. 2008
Name of publisher, distributor, etc. Excel Books
Place of publication, distribution, etc. New Delhi
300 ## - PHYSICAL DESCRIPTION
Extent xii+553
650 ## - SUBJECT ADDED ENTRY--TOPICAL TERM
Topical term or geographic name as entry element relations,paradigms
942 ## - ADDED ENTRY ELEMENTS (KOHA)
Koha item type Books
Holdings
Date last seen Total Checkouts Full call number Accession number Old discount Uniform Resource Identifier Cost, replacement price Price effective from Category Lost status Damaged status Department Withdrawn status bill no. bill date Permanent Location Current Location Shelving location Entry date Vendor Cost, normal purchase price Grants Currency symbol Conversion rate Discount Discount type
26/01/2024   658.3153 SIN1;1 R 50409 20 digital/contents/79337.pdf 236.00 26/01/2024 Books     Central Library   2008/CRB/0001011 23/08/2011 Central Library Central Library Central Library 25/09/2008 Intact Book House Pvt Ltd 295.00 MBA RS 1 59 Rupees
26/01/2024   658.3153 SIN1;2 79336 20 digital/contents/79337.pdf 260.00 26/01/2024 Books     MBA   SIPHO/2011/CRB/579 12/09/2016 Central Library Central Library MBA 03/08/2011 Surya Infotainment Products Pvt. Ltd. 325.00 MBA RS 1 65 Rupees
26/01/2024   658.3153 SIN1;3 R1 79337 20 digital/contents/79337.pdf 260.00 26/01/2024 Books     Central Library   SIPHO/2011/CRB/579 12/09/2016 Central Library Central Library Central Library 03/08/2011 Surya Infotainment Products Pvt. Ltd. 325.00 MBA RS 1 65 Rupees
26/01/2024   658.3153 SIN1;4 79338 20 digital/contents/79337.pdf 260.00 26/01/2024 Books     Central Library   SIPHO/2011/CRB/579 12/09/2016 Central Library Central Library Central Library 03/08/2011 Surya Infotainment Products Pvt. Ltd. 325.00 MBA RS 1 65 Rupees
26/01/2024   658.3153 SIN1;5 79339 20 digital/contents/79337.pdf 260.00 26/01/2024 Books     Central Library   SIPHO/2011/CRB/579 12/09/2016 Central Library Central Library Central Library 03/08/2011 Surya Infotainment Products Pvt. Ltd. 325.00 MBA RS 1 65 Rupees
26/01/2024   658.3153 SIN1;6 79340 20 digital/contents/79337.pdf 260.00 26/01/2024 Books     Central Library   SIPHO/2011/CRB/579 12/09/2016 Central Library Central Library Central Library 03/08/2011 Surya Infotainment Products Pvt. Ltd. 325.00 MBA RS 1 65 Rupees

© For any Suggestions or Query, please contact the library staff @ librarian@pes.edu or Phone: +9180 2672 1983/ 2108.